The essential Erasmus = Lo esencial de Erasmo /
Saved in:
| Main Author: | |
|---|---|
| Format: | Unknown |
| Language: | English |
| Published: |
New York :
New American Library,
1964.
|
| Subjects: | |
| Tags: |
Add Tag
No Tags, Be the first to tag this record!
|
MARC
| LEADER | 000000000a22000000004500 | ||
|---|---|---|---|
| 001 | 014006 | ||
| 041 | 0 | |a eng | |
| 082 | 0 | 4 | |a 879 |b E75e |
| 100 | 1 | |a Erasmus, Desiderius, |d 1536. | |
| 245 | 1 | 4 | |a The essential Erasmus = |b Lo esencial de Erasmo / |c Desiderius Erasmus. |
| 246 | 3 | 1 | |a Lo esencial de Erasmo |
| 260 | 1 | |a New York : |b New American Library, |c 1964. | |
| 300 | |a 397 páginas ; |c 18 cm. | ||
| 650 | 4 | |a HUMANIDADES | |
| 650 | 4 | |a VIDA INTELECTUAL | |
| 500 | |a Colección George Yúdice | ||
| 999 | |c 19909 |d 19909 | ||
| 942 | |c BK |h 879 E75e |2 z | ||
